[Event "31st Andorra Open"]
[Site "La Massana AND"]
[Date "2013.07.21"]
[Round "2.1"]
[White "Swan,I"]
[Black "Iturrizaga,E"]
[Result "1/2-1/2"]
[WhiteElo "2251"]
[BlackElo "2643"]

1.e4 g6 2.d4 Bg7 3.Nc3 d6 4.Be3 c6 5.Qd2 b5 6.f3 a5 7.h4 h5 8.Nh3 Nd7 9.Ng5 Nb6
10.b3 Nf6 11.Rd1 Qc7 12.Bd3 Nfd7 13.Ne2 b4 14.O-O c5 15.c4 cxd4 16.Nxd4 Nc5
17.Bb1 Bd7 18.f4 Bg4 19.Rde1 Rf8 20.Nb5 Qc6 21.e5 d5 22.Qf2 Nbd7 23.Bxc5 Nxc5
24.Nh7 Rg8 25.Nf6+ Bxf6 26.exf6 e6 27.Rc1 Nd7 28.Qd4 Rd8 29.Rfe1 dxc4 30.Nd6+ Kf8
31.Rxc4 Qb6 32.Ne4 Qb8 33.Rec1 Rh8 34.Rc7 e5 35.fxe5 Kg8 36.Qa7 Nxe5 37.Qxb8 Rxb8
38.Ra7 Bf5 39.Rxa5 Bxe4 40.Rxe5 Bxb1 41.Rxb1 Kh7 42.Re7 Rhf8 43.Rf1 Kg8 44.Rf4 Ra8
45.Re2 Rfb8 46.Kf2 Rb6 47.Kg3 Kh7 48.Rd2 Kh6 49.Rd7 g5 50.hxg5+ Kg6 51.Rdd4 Rxa2
52.Rxb4 Rxb4 53.Rxb4 Kxg5 54.Rf4 Rxg2+ 55.Kxg2 Kxf4 56.Kh3 Ke5 57.Kh4 Kxf6
58.b4 Ke5 59.Kxh5 Kd5 60.Kg5 Ke5  1/2-1/2

[Event "28th Avoine Open"]
[Site "Avoine FRA"]
[Date "2013.07.22"]
[Round "3.34"]
[White "Marie,M"]
[Black "Gros,P"]
[Result "1-0"]
[WhiteElo "2214"]
[BlackElo "2011"]

1.e4 g6 2.d4 Bg7 3.Nc3 d6 4.Bc4 e6 5.h4 h6 6.Nge2 c6 7.Bb3 Ne7 8.a4 a5 9.Be3 Na6
10.Qd2 Rb8 11.h5 g5 12.f4 gxf4 13.Bxf4 e5 14.dxe5 dxe5 15.Qxd8+ Kxd8 16.Be3 Kc7
17.Bxf7 Rf8 18.O-O Bg4 19.Ng3 b6 20.Bb3 Nc5 21.Rxf8 Rxf8 22.Bc4 Nc8 23.Rf1 Rxf1+
24.Kxf1 Nd6 25.Be2 Be6 26.Kf2 Nd7 27.Nf1 Nf6 28.Bf3 Ng4+ 29.Kg3 Nf6 30.Kh4 Nh7
31.g4 Bf6+ 32.Kg3 Ng5 33.Nd2 Ndf7 34.Be2 Nd6 35.Bd3 Ndf7 36.Bc4 Bxc4 37.Nxc4 Ne6
38.Bxb6+  1-0

[Event "ch-AUT 2013"]
[Site "Feldkirch AUT"]
[Date "2013.07.22"]
[Round "3.15"]
[White "Nussbaumer,Leon"]
[Black "Maier,P"]
[Result "1-0"]
[WhiteElo "1870"]
[BlackElo "2195"]

1.e4 d6 2.d4 g6 3.Nc3 Bg7 4.Be3 a6 5.Qd2 Nd7 6.O-O-O b5 7.f3 Bb7 8.h4 h5
9.Nh3 Rc8 10.Ng5 Ngf6 11.Kb1 c5 12.Rg1 Qa5 13.g3 O-O 14.Bh3 cxd4 15.Bxd4 Rc4
16.Nd5 Qd8 17.Bxd7 Bxd5 18.exd5 Qxd7 19.Bc3 Rfc8 20.Rge1 b4 21.Bxb4 Rxc2
22.Qd3 Nxd5 23.Ba3 Nb4 24.Qb3 a5 25.Qxf7+ Kh8 26.Qxg6 Kg8 27.Qf7+ Kh8 28.Qxh5+ Kg8
29.Qh7+ Kf8 30.Ne6+ Qxe6 31.Rxe6  1-0

[Event "ch-AUT 2013"]
[Site "Feldkirch AUT"]
[Date "2013.07.22"]
[Round "3.13"]
[White "Forster,Re"]
[Black "Mittelberger,P"]
[Result "0-1"]
[WhiteElo "2077"]
[BlackElo "2246"]

1.e4 d6 2.d4 g6 3.Nc3 Bg7 4.Be3 c6 5.Nf3 Nf6 6.h3 O-O 7.Qd2 b5 8.Bd3 a6 9.a4 Bb7
10.axb5 cxb5 11.O-O Qc7 12.Bg5 b4 13.Nd5 Nxd5 14.exd5 Bxd5 15.Rfe1 e6 16.Qf4 Nc6
17.Bf6 Bxf3 18.gxf3 a5 19.h4 e5 20.dxe5 dxe5 21.Qg5 h6  0-1

[Event "36th Taminco Open"]
[Site "Ghent BEL"]
[Date "2013.07.22"]
[Round "6.16"]
[White "Roos,Dav"]
[Black "Verstraeten,R"]
[Result "1/2-1/2"]
[WhiteElo "2073"]
[BlackElo "2283"]

1.e4 g6 2.d4 Bg7 3.Nc3 d6 4.Be2 a6 5.Be3 b5 6.Qd2 Bb7 7.f3 Nd7 8.a4 b4 9.Nd1 a5
10.c3 c5 11.h4 h5 12.Nh3 cxd4 13.cxd4 e5 14.Ng5 Ne7 15.d5 Rc8 16.Rc1 Rxc1
17.Qxc1 O-O 18.g4 Nf6 19.Rg1 hxg4 20.fxg4 Nxe4 21.Nxe4 Nxd5 22.Bg5 Qb6 23.Ndf2 Rc8
24.Qd2 b3 25.Bd3 f6 26.Bh6 Rc2 27.Bxc2 bxc2 28.Bxg7 Qb4 29.Ke2 Nf4+ 30.Ke3 Qb6+
31.Kf3 Bxe4+ 32.Kxe4 Qc6+ 33.Ke3 Ng2+ 34.Ke2 Nf4+ 35.Ke3 Ng2+  1/2-1/2

[Event "Maccabiah GM1 2013"]
[Site "Jerusalem ISR"]
[Date "2013.07.22"]
[Round "2.2"]
[White "Ginsburg,G"]
[Black "Finkel,A"]
[Result "0-1"]
[WhiteElo "2513"]
[BlackElo "2500"]

1.e4 g6 2.d4 Bg7 3.Nc3 d6 4.h3 a6 5.Nf3 b5 6.Bd3 Nd7 7.O-O c5 8.d5 Ngf6 9.Re1 O-O
10.Bf4 Bb7 11.a3 Qc7 12.Qd2 Rfe8 13.Bf1 Rad8 14.Rad1 Qa5 15.g4 b4 16.Nb1 e6
17.c4 bxc3 18.Nxc3 exd5 19.exd5 Rxe1 20.Rxe1 Nb6 21.Bg5 Kf8 22.Rd1 Rd7 23.Bxf6 Bxf6
24.Qh6+ Bg7 25.Qxh7 Na4 26.Ne4 Nxb2 27.g5 Nxd1 28.Nf6 Rd8 29.Qg8+ Ke7 30.Qxg7 Qc3
31.Nh4 Qc2 32.Be2 Nc3 33.Bf3 Qc1+ 34.Kg2 Qxg5+ 35.Ng4 Nxd5 36.Qb2 Rb8 37.Qe2+ Kd7
38.Qc4 Rh8  0-1

[Event "Maccabiah IM1 2013"]
[Site "Jerusalem ISR"]
[Date "2013.07.22"]
[Round "2.4"]
[White "Efroimski,M"]
[Black "Bitensky,I"]
[Result "1-0"]
[WhiteElo "2297"]
[BlackElo "2395"]

1.e4 g6 2.d4 Bg7 3.Nc3 d6 4.f4 Nf6 5.Nf3 O-O 6.e5 dxe5 7.dxe5 Qxd1+ 8.Kxd1 Ng4
9.Ke1 c6 10.h3 Nh6 11.g4 Kh8 12.Be3 f6 13.Rd1 Nf7 14.exf6 exf6 15.Bc4 Nd7
16.Kf2 b6 17.Rhe1 g5 18.Kg2 gxf4 19.Bxf4 Nfe5 20.Bxe5 Nxe5 21.Nxe5 fxe5 22.Ne4 c5
23.Nd6 h6 24.Bd5 Rb8 25.Nf7+ Kh7 26.Nxe5 Bb7 27.Nd7 Bxd5+ 28.Rxd5 Rfe8 29.Rf1 Re2+
30.Rf2 Rbe8 31.c3 R8e3 32.Rd2 Re1 33.Nf6+ Kg6 34.Nd5 Re4 35.Nf4+ Kh7 36.Rd7 Re7
37.Rfd2 Kg8 38.Rxe7 Rxe7 39.Nh5 Be5 40.Ng3 Bf4 41.Re2 Rd7 42.Nf5 Bc1 43.c4 Kf7
44.b3 a6 45.Rc2 Rd1 46.Rf2 Ke6 47.Re2+ Kf6 48.Ne7 b5 49.Nd5+ Kf7 50.Nc3 Rd3
51.Ne4 bxc4 52.Rc2 cxb3 53.Rxc1 c4 54.axb3 cxb3 55.Nc5 Rd2+ 56.Kg3 b2 57.Rb1 h5
58.Na4 Rd3+ 59.Kh4 hxg4 60.hxg4 Rd4 61.Nxb2 Rb4 62.Rf1+ Kg6 63.Nd3 Rd4 64.Ne5+ Kg7
65.Rf7+ Kg8 66.Ra7 Rd5 67.Nc6 Rd6 68.Rxa6 Kh8 69.Kh5 Re6 70.g5 Kg7 71.Ra7+ Kh8
72.Ne7 Re1 73.Nf5 Re8 74.g6  1-0

[Event "28th Avoine Open"]
[Site "Avoine FRA"]
[Date "2013.07.23"]
[Round "4.6"]
[White "Mevel,A"]
[Black "Haub,TM"]
[Result "1/2-1/2"]
[WhiteElo "2246"]
[BlackElo "2471"]

1.e4 g6 2.d4 Bg7 3.Nc3 d6 4.Be3 a6 5.Nf3 Nd7 6.Bd3 e6 7.Qd2 h6 8.O-O-O b5
9.Kb1 Nb6 10.e5 Bb7 11.Bf4 Ne7 12.Ne4 Nc4 13.Bxc4 Bxe4 14.Bd3 Bxd3 15.Qxd3 Nd5
16.Bg3 O-O 17.Nd2 Nb4 18.Qb3 a5 19.Ne4 d5 20.Nc5 Rb8 21.h4 Qe7 22.Qe3 Rbe8
23.Bf4 Kh7 24.Bg5 f6 25.exf6 Rxf6 26.Nd3 Qf8 27.Bxf6 Qxf6 28.Nxb4 axb4 29.h5 c5
30.Qd3 c4 31.Qxg6+ Qxg6 32.hxg6+ Kxg6 33.c3 bxc3 34.bxc3 Rb8 35.a3 Ra8 36.Kb2 Bf8
37.Ra1 Bd6 38.Rhe1 Kf5 39.Rh1 Kg5 40.Rhe1 Kf5 41.Rh1 Kg5 42.Ra2 h5 43.Re1  1/2-1/2

[Event "Glorney Cup 2013"]
[Site "Cardiff ENG"]
[Date "2013.07.23"]
[Round "5.6"]
[White "O'Donnell,Conor"]
[Black "Thorpe,Thomas"]
[Result "1/2-1/2"]
[WhiteElo "2105"]
[BlackElo "1875"]

1.e4 g6 2.d4 Bg7 3.Nc3 d6 4.f4 Nf6 5.Nf3 O-O 6.Be3 b6 7.Qd2 Bb7 8.e5 Nfd7
9.O-O-O Na6 10.e6 Nf6 11.Ng5 Qc8 12.f5 gxf5 13.d5 Nc5 14.Bxc5 bxc5 15.Bd3 fxe6
16.Nxe6 Nxd5 17.Rhe1 Rf6 18.Nxg7 Kxg7 19.Nxd5 Bxd5 20.Rxe7+ Kh8 21.Rde1 Qf8
22.Rxc7 Be4 23.Bxe4 fxe4 24.Qc3 Kg8 25.Qc4+ Kh8 26.Qxe4 Qh6+ 27.Kb1 Raf8
28.Rxa7 Qxh2 29.a4 Qh5 30.g4 Qh4 31.Ka2 Rf4 32.Qe7 Qxe7 33.Rexe7 Rxg4 34.Rxh7+ Kg8
35.Rhd7 Rg2 36.Kb3 Rg6 37.a5 Rb8+ 38.Rdb7 Re8 39.c3 Rg4 40.Rd7 d5 41.Rxd5 Rb8+
42.Ka3 Rg1 43.b4 cxb4+ 44.cxb4 Rg4 45.Rad7 Rbxb4 46.Rd8+ Kf7 47.R5d7+ Ke6
48.Rd6+ Ke7 49.a6 Ra4+ 50.Kb3 Rxa6 51.R8d7+ Ke8  1/2-1/2

[Event "15th TCh-Eur Senior"]
[Site "Dresden GER"]
[Date "2013.07.23"]
[Round "4"]
[White "Grabitz,G"]
[Black "Gottschall,I"]
[Result "1/2-1/2"]
[WhiteElo "2067"]
[BlackElo "1731"]

1.e4 g6 2.d4 d6 3.Nc3 Bg7 4.Be3 Nd7 5.Qd2 c5 6.dxc5 dxc5 7.Nf3 a6 8.Bc4 Qb6
9.Rb1 Ngf6 10.O-O O-O 11.Rfd1 Ng4 12.Nd5 Qd6 13.Bg5 Ndf6 14.Nxf6+ Nxf6 15.Qxd6 exd6
16.Bxf6 Bxf6 17.Rxd6 Kg7 18.h3 b5 19.Bf1 Bb7 20.e5 Bd8 21.Re1 Re8 22.Bd3 Bc7
23.Rd7 Rac8 24.Be4 Bxe4 25.Rxe4 Kg8 26.Rf4 Rf8 27.Rf6 h6 28.Rxa6 Bb8 29.Rb6 b4
30.Rbb7 Rc6 31.a4 bxa3 32.bxa3 Ra6 33.Rb3 Re8 34.Rd5 c4 35.Rc3 Ra4 36.Rc5 Ra6
37.R5xc4 Bxe5 38.Re3 Ra5 39.Rce4 f6 40.Nxe5 fxe5 41.f4 Rc8 42.fxe5 Rxc2 43.a4 Ra2
44.e6 Kf8 45.e7+ Ke8 46.Rd4 Ra8 47.Rf4 Kd7 48.Rf8 Re8 49.Rxe8 Kxe8 50.Re4 g5
51.h4 gxh4 52.Kh2 Ra3 53.Rxh4 Kxe7 54.Rf4 Ke6 55.g3 Ke5 56.Kh3 Ra1 57.Kg4 Ra3
58.Rb4 Kf6 59.Kf4 h5 60.Re4 Ra2 61.Kf3 Ra3+ 62.Kg2 Kf5 63.Rf4+ Kg5 64.Rb4 Ra2+
65.Kh3 Ra1 66.Rb5+ Kg6 67.a5 Rh1+ 68.Kg2 Ra1 69.Kf3 Ra3+ 70.Kf4 Ra4+ 71.Ke5  1/2-1/2

[Event "Maccabiah IM1 2013"]
[Site "Jerusalem ISR"]
[Date "2013.07.23"]
[Round "4.5"]
[White "Alexikov,A"]
[Black "Bitensky,I"]
[Result "1/2-1/2"]
[WhiteElo "2381"]
[BlackElo "2395"]

1.e4 g6 2.d4 Bg7 3.Nc3 d6 4.f4 Nf6 5.Nf3 O-O 6.Bd3 Na6 7.a3 c5 8.d5 Nc7 9.a4 Bg4
10.h3 Bxf3 11.Qxf3 e6 12.O-O exd5 13.exd5 b6 14.Bc4 Qd7 15.Bd2 Rab8 16.Qd3 Ra8
17.Qf3 Rab8 18.Qd3 Ra8 19.Qf3 Qd8 20.Bb5 Nxb5 21.axb5  1/2-1/2

[Event "Maccabiah IM1 2013"]
[Site "Jerusalem ISR"]
[Date "2013.07.24"]
[Round "5.2"]
[White "Ujhazi,I"]
[Black "Mindlin,A"]
[Result "1/2-1/2"]
[WhiteElo "2221"]
[BlackElo "2263"]

1.e4 g6 2.d4 Bg7 3.Nc3 d6 4.g3 c6 5.Bg2 Nd7 6.a4 Ngf6 7.Nge2 O-O 8.O-O e5
9.h3 Rb8 10.Be3 b6 11.Qd2 Re8 12.Rad1 a6 13.dxe5 dxe5 14.Qd6 Bb7 15.Nc1 Bf8
16.Qd2 b5 17.axb5 axb5 18.f3 Qc7 19.Qf2 Ra8 20.b3 Qa5 21.N1e2 Qa3 22.f4 Bc5
23.Bxc5 Qxc5 24.Qxc5 Nxc5 25.fxe5 Nh5 26.b4 Na6 27.Rd7 Bc8 28.Rdxf7 Nxb4
29.g4 Ng7 30.Nd4 Ne6  1/2-1/2

[Event "28th Avoine Open"]
[Site "Avoine FRA"]
[Date "2013.07.25"]
[Round "6.12"]
[White "Schroer,M"]
[Black "Haub,TM"]
[Result "0-1"]
[WhiteElo "2142"]
[BlackElo "2471"]

1.d4 g6 2.e4 Bg7 3.Nc3 d6 4.Be3 a6 5.f4 e6 6.Nf3 Ne7 7.Bd3 Nd7 8.e5 b5 9.O-O O-O
10.a4 b4 11.Ne2 a5 12.c3 bxc3 13.bxc3 Ba6 14.Bxa6 Rxa6 15.Qd3 Ra8 16.Qc2 Nb6
17.c4 Nc6 18.Nd2 Nb4 19.Qd1 Qd7 20.Nc3 dxe5 21.fxe5 c5 22.Nb5 Qc6 23.Qb3 Rad8
24.Rad1 cxd4 25.Nxd4 Qxa4 26.Qxa4 Nxa4 27.N4f3 Nc3 28.Bg5 Nxd1 29.Bxd8 Rxd8
30.Rxd1 Nc6 31.Re1 a4 32.c5 Nxe5 33.Nxe5 Bxe5 34.Rxe5 Rxd2 35.Re4 a3 36.c6 Rc2
37.Ra4 Rxc6 38.Rxa3 Rc2  0-1

[Event "ch-AUT 2013"]
[Site "Feldkirch AUT"]
[Date "2013.07.25"]
[Round "6.10"]
[White "Rieger,R"]
[Black "Gstach,Jakob"]
[Result "1-0"]
[WhiteElo "2174"]
[BlackElo "2140"]

1.e4 g6 2.d4 Bg7 3.Nc3 d6 4.Be3 a6 5.Qd2 Nd7 6.h4 h5 7.Nh3 b5 8.f3 Bb7 9.Ng5 Rc8
10.g3 c5 11.Bh3 cxd4 12.Bxd4 Ngf6 13.O-O-O Rc4 14.e5 Rxd4 15.Qxd4 Nxe5 16.Qxe5 dxe5
17.Rxd8+ Kxd8 18.Nxf7+ Kc7 19.Nxh8 Bxh8 20.Re1 Bxf3 21.Rxe5 b4 22.Rxe7+ Kd8
23.Re3 bxc3 24.Rxf3 cxb2+ 25.Kxb2 Ne4+ 26.c3 Be5 27.Re3 Nf2 28.Kc2 Bd6 29.Be6  1-0

[Event "III Brazil Maringa Open"]
[Site "Maringa BRA"]
[Date "2013.07.25"]
[Round "2.3"]
[White "Bachmann,Ax"]
[Black "Baldwin,J"]
[Result "1-0"]
[WhiteElo "2536"]
[BlackElo "1965"]

1.e4 g6 2.d4 Bg7 3.Nc3 d6 4.f4 Nc6 5.d5 Nd4 6.Be3 c5 7.Qd2 Bd7 8.Nge2 Nb5
9.a4 Nc7 10.Ng3 Nf6 11.h3 O-O 12.Bc4 a6 13.a5 Nb5 14.Nce2 Ne8 15.c3 e6 16.O-O Nec7
17.dxe6 fxe6 18.f5 Qe8 19.Bh6 Kh8 20.Bxg7+ Kxg7 21.Qg5 exf5 22.exf5 Kh8 23.Nf4 Bxf5
24.Nxf5 gxf5 25.Rae1  1-0

[Event "28th Avoine Open"]
[Site "Avoine FRA"]
[Date "2013.07.26"]
[Round "7.32"]
[White "Roussel,G"]
[Black "Oei,HI"]
[Result "1/2-1/2"]
[WhiteElo "1911"]
[BlackElo "2093"]

1.e4 g6 2.d4 Bg7 3.Nc3 d6 4.Be3 a6 5.Qd2 Nd7 6.f3 h6 7.g4 e6 8.Nge2 Ne7 9.Ng3 b5
10.Bg2 Nb6 11.b3 Rb8 12.Rd1 Bd7 13.Nce2 Kf8 14.O-O Kg8 15.Rc1 d5 16.e5 Kh7
17.Qd3 Rf8 18.h4 Kg8 19.Qd2 Kh7 20.Kf2 Ng8 21.Rh1 f5 22.g5 h5 23.Nf4 Qe8
24.Bf1 Ne7 25.Nd3 Bc8 26.Ne2 Nc6 27.Nef4 Rf7 28.Rg1 Re7 29.Nc5 Bf8 30.Be2 Rg7
31.Nfd3 Bxc5 32.Nxc5 Nd7 33.Nxd7 Qxd7 34.f4 Bb7 35.c4 dxc4 36.bxc4  1/2-1/2

[Event "15th TCh-Eur Senior"]
[Site "Dresden GER"]
[Date "2013.07.26"]
[Round "7"]
[White "Schlag,F"]
[Black "Knaak,Joachim"]
[Result "1/2-1/2"]
[WhiteElo "2037"]
[BlackElo "2197"]

1.Nc3 g6 2.d4 Bg7 3.e4 d6 4.f4 Nf6 5.Nf3 O-O 6.Bd3 Nc6 7.O-O Bg4 8.Ne2 Bxf3
9.Rxf3 e5 10.c3 exd4 11.Nxd4 Re8 12.Nxc6 bxc6 13.f5 Nxe4 14.fxg6 fxg6 15.Be3 Qe7
16.Qc2 d5 17.Raf1 Rf8 18.Qc1 a5 19.Rxf8+ Rxf8 20.Rxf8+ Bxf8 21.Qe1 Nc5 22.Qd2 Nxd3
23.Qxd3 Qe5 24.g3 Qf5 25.Qd1 Qe4 26.Kf2 a4 27.b4 axb3 28.Qxb3 Qd3 29.Bd4 Qf5+
30.Kg2 c5 31.Be3 c4 32.Qb2 Qe4+ 33.Kf2 Qh1 34.Qb7 Qxh2+ 35.Kf3 Qh1+ 36.Kf2 Qe4
37.a4 Qc2+ 38.Kf3 Qd1+ 39.Kf2 Qc2+ 40.Kf3 Qf5+ 41.Ke2 c5 42.Qc6 d4 43.cxd4 Qd3+
44.Kf2 Qc2+ 45.Kf3 Qf5+ 46.Ke2 c3 47.d5 Qc2+ 48.Kf3 Qd1+ 49.Kf2 Qc2+ 50.Kf3 Qf5+
51.Ke2 Qc2+  1/2-1/2

[Event "6th Paleochora Open"]
[Site "Paleochora GRE"]
[Date "2013.07.26"]
[Round "9.13"]
[White "Kourkoulos Arditis,Stamatis"]
[Black "Polzin,R"]
[Result "1-0"]
[WhiteElo "2185"]
[BlackElo "2446"]

1.e4 g6 2.d4 Bg7 3.Nc3 d6 4.Be3 Nd7 5.f3 a6 6.Qd2 b5 7.h4 h6 8.Nh3 Bb7 9.O-O-O Rc8
10.Kb1 c5 11.dxc5 Nxc5 12.Nf4 Nd7 13.Ncd5 Ngf6 14.g4 Nxd5 15.Nxd5 Bxd5 16.exd5 Qc7
17.f4 h5 18.g5 Nb6 19.Bxb6 Qxb6 20.f5 gxf5 21.Bh3 Rc4 22.Bxf5 Qc5 23.Rh3 Rd4
24.Rd3 Rxd3 25.Qxd3 Qb4 26.c3 Qxh4 27.g6 fxg6 28.Be6 Bf6 29.Qxg6+ Kd8 30.Qg1 Qe4+
31.Ka1 Ke8 32.Qb6 Kf8 33.Rg1  1-0

[Event "28th Avoine Open"]
[Site "Avoine FRA"]
[Date "2013.07.27"]
[Round "8.19"]
[White "Batteux,M"]
[Black "Haub,TM"]
[Result "0-1"]
[WhiteElo "2095"]
[BlackElo "2471"]

1.d4 g6 2.e4 Bg7 3.Nc3 d6 4.Be3 a6 5.Qd2 Nd7 6.Nf3 h6 7.a4 b6 8.Bd3 e6 9.O-O Ne7
10.Rad1 Kf8 11.Ne2 Kg8 12.Ng3 Qe8 13.h3 Kh7 14.Rfe1 Bb7 15.Nh2 f5 16.c4 Rf8
17.exf5 exf5 18.Ne2 Qf7 19.b4 Nf6 20.d5 b5 21.Nf4 bxc4 22.Bxc4 Ne4 23.Qd3 Nc3
24.Rd2 Nxa4 25.Ne6 Nb2 26.Nxf8+ Rxf8 27.Rxb2 Bxb2 28.Bxh6 Kxh6 29.Qe3+ Kg7
30.Qxe7 Bc3 31.Qxf7+ Rxf7 32.Re3 Bxb4 33.Nf3 Bc8 34.h4 a5 35.Ng5 Bd2 36.Ne6+ Kf6
37.Re2 Bb4 38.Bb5 Re7 39.Bc4 Bxe6 40.dxe6 c6 41.g4 fxg4  0-1

[Event "28th Avoine Open"]
[Site "Avoine FRA"]
[Date "2013.07.27"]
[Round "8.20"]
[White "Perrin,G"]
[Black "Oei,HI"]
[Result "1-0"]
[WhiteElo "2306"]
[BlackElo "2093"]

1.e4 g6 2.d4 Bg7 3.Nc3 d6 4.h3 a6 5.a4 Nd7 6.Be3 e6 7.Qd2 h6 8.f4 Ne7 9.Bd3 f5
10.Nf3 Nf6 11.e5 Nfd5 12.Nxd5 Nxd5 13.c4 Nxe3 14.Qxe3 d5 15.c5 Bd7 16.g4 O-O
17.gxf5 gxf5 18.Qf2 Kh7 19.Rg1 Qe7 20.Kd2 b6 21.b4 bxc5 22.dxc5 Qe8 23.Qh4 Rg8
24.Be2 Kh8 25.Nd4 Rb8 26.Rab1 Qd8 27.Qxd8 Rbxd8 28.Bxa6 Ra8 29.Bb5 Bxb5 30.axb5 Ra2+
31.Kc3 Rh2 32.Rg3 Ra8 33.Nxe6 Ra3+ 34.Rb3 Raa2 35.Kd4 Rad2+ 36.Rbd3 Rb2 37.Kxd5 h5
38.Kc6  1-0

[Event "15th TCh-Eur Senior"]
[Site "Dresden GER"]
[Date "2013.07.27"]
[Round "8"]
[White "Urban,H"]
[Black "Pitzl,K"]
[Result "0-1"]
[WhiteElo "2133"]
[BlackElo "2055"]

1.e4 g6 2.d4 Bg7 3.Nc3 d6 4.Nf3 Nf6 5.Bc4 c6 6.Bb3 O-O 7.O-O Qc7 8.a4 a5
9.Re1 e5 10.dxe5 dxe5 11.Bg5 Nbd7 12.Qe2 Nc5 13.Bc4 Ne6 14.Be3 b6 15.Rad1 Ng4
16.h3 Nxe3 17.fxe3 Nc5 18.Rd2 Be6 19.Red1 Rad8 20.Rxd8 Rxd8 21.Rxd8+ Qxd8
22.Bxe6 Nxe6 23.Ne1 Bh6 24.Nd3 Qd6 25.Kf2 Nc5 26.Nxc5 Qxc5 27.Qd3 Bg5 28.g3 h5
29.Ne2 Qb4 30.b3 h4 31.g4 Qc5 32.c4 Qa3 33.Qb1 Qc5 34.Qd3 Kg7 35.Kf3 Qb4
36.Kf2 Qc5 37.Kf3 Qa3 38.Qb1 Qb4 39.Kf2 Qd2 40.Kf1 Qxe3 41.Ng1 Bf4 42.Qc2 Bg3
43.Kg2 Be1 44.Qe2 Qg3+ 45.Kf1 Bb4 46.Qf3 Qe1+ 47.Kg2 Bc5 48.Ne2 Bd4 49.Kh2 b5
50.Kg2 Qd2 51.Kh2 Be3 52.Kg2 Qd3 53.g5 Qd2 54.Qf6+ Kg8 55.Kf3 Bxg5 56.Qxe5 Qe3+
57.Kg4 f5+  0-1

[Event "15th TCh-Eur Senior"]
[Site "Dresden GER"]
[Date "2013.07.27"]
[Round "8"]
[White "Micheel,P"]
[Black "Kluger,H"]
[Result "1/2-1/2"]
[WhiteElo "1926"]
[BlackElo "1950"]

1.e4 g6 2.d4 Bg7 3.Nc3 d6 4.Be3 Nf6 5.h3 Nbd7 6.Nf3 O-O 7.Bd3 e5 8.dxe5 dxe5
9.Qd2 a6 10.Bg5 Re8 11.O-O-O b5 12.Nd5 c6 13.Nxf6+ Nxf6 14.Kb1 Qc7 15.c3 Be6
16.Bc2 Red8 17.Qe3 c5 18.Rxd8+ Rxd8 19.Rd1 Rxd1+ 20.Bxd1 Qd6 21.Bc2 a5 22.Qd3 Qxd3
23.Bxd3 c4 24.Bc2 Nd7 25.Bd8 a4 26.Ng5 Nf8 27.Be7 Bd7 28.b3 f6 29.Nf3 Ne6
30.g3 Kf7 31.Bd6 Bf8 32.Bxf8 Kxf8 33.bxc4 bxc4 34.Nd2 Bb5 35.Kb2 Nc5 36.Ka3 Nd3
37.Bxd3 cxd3 38.c4 Bd7 39.h4 f5 40.Kb4 Ke7 41.Kc3 Kd6 42.Kb4 Bc6 43.c5+ Kc7
44.f3 Kb7 45.g4 fxe4 46.fxe4 Ka6 47.g5 Bb5 48.a3 Bc6  1/2-1/2

[Event "ch-AUT 2013"]
[Site "Feldkirch AUT"]
[Date "2013.07.27"]
[Round "8.19"]
[White "Hofer,Emilian"]
[Black "Ager,J"]
[Result "0-1"]
[WhiteElo "2016"]
[BlackElo "2176"]

1.e4 d6 2.d4 g6 3.Nc3 Bg7 4.f4 Nf6 5.Nf3 Bg4 6.h3 Bxf3 7.Qxf3 c6 8.Be3 Qa5
9.Bd3 Nbd7 10.O-O e5 11.Kh1 O-O 12.Ne2 exd4 13.Bxd4 Rfe8 14.Bc3 Qc7 15.Ng3 b5
16.Rae1 a5 17.Re3 Rab8 18.Rfe1 b4 19.Bd2 Nc5 20.Bc4 Ncxe4 21.Nxe4 Nxe4 22.Rxe4 Rxe4
23.Bxf7+ Qxf7 24.Qxe4 d5 25.Qe6 Qxe6 26.Rxe6 Rc8 27.b3 Kf7 28.Re1 Bd4 29.g4 c5
30.Re2 c4 31.Be1 cxb3 32.axb3 Bc3 33.Bxc3 Rxc3 34.Rd2 Ke6 35.f5+ gxf5 36.gxf5+ Ke5
37.Kg2 d4 38.Rf2 Kf6 39.Rd2 d3 40.Rxd3 Rxd3  0-1

[Event "III Brazil Maringa Open"]
[Site "Maringa BRA"]
[Date "2013.07.27"]
[Round "6.6"]
[White "Stamenkovic,Dr"]
[Black "Goncalves,I"]
[Result "1/2-1/2"]
[WhiteElo "2388"]
[BlackElo "2169"]

1.d4 g6 2.e4 Bg7 3.Nc3 d6 4.a4 a6 5.Nf3 Nf6 6.h3 O-O 7.Be3 Nc6 8.Bc4 Nxe4
9.Nxe4 d5 10.Bd3 dxe4 11.Bxe4 f5 12.Bxc6 bxc6 13.c3 Rb8 14.Qe2 f4 15.Bc1 h6
16.O-O g5 17.Re1 Rf7 18.Qc4 Qd5 19.Ne5 Bxe5 20.Qxd5 cxd5 21.Rxe5 e6 22.b4  1/2-1/2

[Event "Czech Open B 2013"]
[Site "Pardubice CZE"]
[Date "2013.07.27"]
[Round "9.5"]
[White "Gafner,E"]
[Black "Tolstikh,N"]
[Result "0-1"]
[WhiteElo "2264"]
[BlackElo "2328"]

1.e4 g6 2.d4 Bg7 3.Nc3 d6 4.f3 c6 5.Be3 b5 6.Qd2 Nd7 7.O-O-O Nb6 8.Kb1 Rb8
9.h4 Nc4 10.Bxc4 bxc4 11.g4 h5 12.g5 e6 13.Nh3 Ne7 14.Nf4 O-O 15.Nce2 c5
16.Ng3 cxd4 17.Bxd4 e5 18.Bxa7 Rb7 19.Ngxh5 gxh5 20.Nxh5 Rxa7 21.Nf6+ Bxf6
22.gxf6 Ng6 23.Qg5 c3 24.h5 Qa5 25.a3 Rb7 26.Qh6 Rxb2+ 27.Kc1 Rb1+  0-1

[Event "Sparkassen Open A 2013"]
[Site "Dortmund GER"]
[Date "2013.07.28"]
[Round "2.3"]
[White "Plassmann,D"]
[Black "Jesse,I"]
[Result "0-1"]
[WhiteElo "2078"]
[BlackElo "2320"]

1.e4 g6 2.d4 Bg7 3.Nc3 d6 4.f4 a6 5.a4 Nf6 6.Nf3 c5 7.d5 O-O 8.Bc4 e6 9.dxe6 Bxe6
10.Bxe6 fxe6 11.O-O Nc6 12.h3 Qe7 13.Be3 Rad8 14.Qe1 Nh5 15.Nh2 Bd4 16.g3 d5
17.Nd1 dxe4 18.c3 Bxe3+ 19.Qxe3 Rd3 20.Qxe4 Rxg3+ 21.Kh1 Rxh3 22.Qg2 Qh4
23.Nf2 Nxf4 24.Nxh3 Nxg2 25.Kxg2 Qe4+ 26.Kg3 Qe3+ 27.Nf3 Ne5 28.Ng1 Qf4+
29.Kg2 Qg4+  0-1

[Event "III Brazil Maringa Open"]
[Site "Maringa BRA"]
[Date "2013.07.28"]
[Round "8.14"]
[White "Stivanelli,Leonardo Alexandre"]
[Black "Carvalho,H"]
[Result "0-1"]
[WhiteElo "2076"]
[BlackElo "2186"]

1.e4 g6 2.d4 Bg7 3.Nc3 d6 4.f4 Nf6 5.Nf3 O-O 6.Be2 c5 7.d5 e6 8.dxe6 fxe6
9.O-O Nc6 10.h3 Nh5 11.Ng5 Ng3 12.Bc4 Bd4+ 13.Kh2 Nxf1+ 14.Bxf1 Bf6 15.Nb5 d5
16.c3 a6 17.Na3 h6 18.e5 hxg5 19.Bd3 Nxe5 20.fxe5 Bxe5+ 21.Kg1 Qf6 22.Nc2 Qf2+  0-1

[Event "5th Rethymno Open"]
[Site "Rethymno GRE"]
[Date "2013.07.28"]
[Round "1.9"]
[White "Zamit,K"]
[Black "Tukhaev,A"]
[Result "0-1"]
[WhiteElo "1878"]
[BlackElo "2520"]

1.e4 g6 2.d4 Bg7 3.Nc3 d6 4.Be3 a6 5.Qd2 b5 6.f3 Nd7 7.Nge2 Bb7 8.g3 c5 9.Bg2 Ngf6
10.Bh6 Bxh6 11.Qxh6 cxd4 12.Nxd4 b4 13.Nce2 Rc8 14.c3 bxc3 15.Nxc3 Qb6 16.Qd2 O-O
17.Bh3 Rc4 18.Ne6 Ne5 19.Qh6 Nd3+ 20.Kd1 fxe6 21.Bxe6+ Rf7 22.Bxc4 Nxb2+
23.Ke2 Nxc4 24.Rab1 Qa7 25.Rb4 Ng4  0-1

[Event "Charleroi Open 2013"]
[Site "Charleroi BEL"]
[Date "2013.07.29"]
[Round "3.1"]
[White "Uhoda,P"]
[Black "Rausis,I"]
[Result "0-1"]
[WhiteElo "2117"]
[BlackElo "2545"]

1.d4 g6 2.e4 Bg7 3.Nc3 d6 4.Bg5 Nd7 5.Qd2 c5 6.d5 a6 7.f3 Qb6 8.Rb1 Qa5 9.Nh3 b5
10.a3 h6 11.Be3 Ngf6 12.Nf2 Nh5 13.Be2 g5 14.g3 Rg8 15.O-O Nf4 16.Bxf4 gxf4
17.g4 h5 18.h3 Nf8 19.Rfd1 hxg4 20.hxg4 Ng6 21.Na2 Qxd2 22.Rxd2 Bd4 23.c4 Be3
24.Rdd1 bxc4 25.Bxc4 Nh4 26.Be2 f5 27.Kf1 fxg4 28.Nxg4 Bxg4 29.fxg4 f3 30.Bxf3 Nxf3
31.Ke2 Nd2 32.Kxe3 Nxb1 33.Rxb1 Rxg4 34.b4 Rg3+  0-1

[Event "Politiken Cup 2013"]
[Site "Helsingor DEN"]
[Date "2013.07.29"]
[Round "4.44"]
[White "Fossan,P"]
[Black "Tandrup,M"]
[Result "1-0"]
[WhiteElo "2245"]
[BlackElo "2018"]

1.e4 g6 2.d4 Bg7 3.Nc3 d6 4.f4 a6 5.Nf3 b5 6.Bd3 c5 7.dxc5 dxc5 8.e5 Bb7
9.Be3 c4 10.Be4 Qxd1+ 11.Kxd1 Bxe4 12.Nxe4 Nh6 13.h3 O-O 14.Ke2 Nc6 15.c3 Nf5
16.Bf2 Bh8 17.Rhd1 Rfd8 18.Nc5 a5 19.Rxd8+ Rxd8 20.Rd1 Rxd1 21.Kxd1 e6 22.a4 b4
23.Nd2 bxc3 24.bxc3 f6 25.exf6 Bxf6 26.Nce4 Bg7 27.Nxc4 e5 28.fxe5 Bxe5 29.Bb6 Bf4
30.Nxa5 Nxa5 31.Bxa5 Ne3+ 32.Ke2 Nc4 33.Bb4 Bc7 34.Nd2 Ne5 35.Ke3 Kf7 36.Kd4 Ke6
37.Kc5 Nd3+ 38.Kc6 Bf4 39.Nf3 Nb2 40.a5 Be3 41.a6 Nd3 42.Ba5 Nf4 43.Nd4+ Bxd4
44.cxd4  1-0

[Event "XXII TCh-MKD 2013"]
[Site "Struga MKD"]
[Date "2013.07.29"]
[Round "1.3"]
[White "Dancevski,O"]
[Black "Gjorgjieski,D"]
[Result "1-0"]
[WhiteElo "2388"]
[BlackElo "2201"]

1.e4 g6 2.d4 Bg7 3.Nc3 d6 4.f4 c6 5.Nf3 Nd7 6.Be3 Ngf6 7.Qd2 O-O 8.h3 Qa5
9.Bd3 Re8 10.g4 e5 11.dxe5 dxe5 12.f5 Nc5 13.O-O Nxd3 14.cxd3 Bd7 15.Rf2 c5
16.Raf1 gxf5 17.gxf5 Kh8 18.Ng5 Re7 19.Rg2 Rd8 20.Qf2 Bb5 21.Nxh7 Nxh7 22.Rxg7 Rg8
23.Rxg8+ Kxg8 24.f6  1-0

[Event "Politiken Cup 2013"]
[Site "Helsingor DEN"]
[Date "2013.07.30"]
[Round "5.53"]
[White "Nielsen,Mor"]
[Black "Klings,P"]
[Result "0-1"]
[WhiteElo "1965"]
[BlackElo "2167"]

1.e4 g6 2.d4 Bg7 3.Nc3 d6 4.Be2 a6 5.Be3 b5 6.a3 Bb7 7.Bf3 Nd7 8.g4 e6 9.Qd2 h6
10.h4 c5 11.dxc5 dxc5 12.O-O-O Ne7 13.Bg2 Bc6 14.f4 b4 15.axb4 cxb4 16.Nb1 Qc7
17.Ne2 Rc8 18.Nd4 Bb7 19.f5 Nc5 20.Qf2 Bxd4 21.Rxd4 Nb3+ 22.Kd1 Nxd4 23.Bxd4 e5
24.Bb6 Qd6+ 25.Kc1 Qf6 26.Be3 gxf5 27.gxf5 Rg8 28.Bf3 Qc6 29.Rd1 Nxf5 30.Bh5 Qxc2+  0-1